000 00634nam a2200133Ia 4500
008 171212s9999 xx 000 0 und d
020 _a9780833042361
100 _aMcCaffrey, Daniel F.;Hamilton, Laura S.
245 _cMcCaffrey, Daniel F.;Hamilton, Laura S.
_aValue-Added Assessment in Practice
_bLessons from the Pennsylvania Value-Added Assessment System Pilot Project
260 _bRAND Corporation
_c2007
650 _aEducation
650 _aEducational tests and measurements -- Pennsylvania; Educational accountability -- United States; Educational indicators -- United States
856 _uwww.jstor.org/stable/10.7249/tr506cc
999 _c352798
_d352798